| 000 | 01499nam0a2200313 i 4500 | ||
|---|---|---|---|
| 001 | RU\NLR\bibl\854861 | ||
| 005 | 20260405091014.0 | ||
| 035 | _a(NLR Aleph) 000843588 | ||
| 090 |
_a1435813 _c1435813 |
||
| 100 | _a20051017d2005 |||y0rusy50 ca | ||
| 101 | 0 | _arus | |
| 102 | _aRU | ||
| 105 | _ay dm ||||| | ||
| 135 | _acrgn 008aaaba | ||
| 135 | _acrgn 008aaaba | ||
| 135 | _acrgn 008aaaba | ||
| 200 | 1 |
_aИзбирательное право и избирательные системы в отдельных странах Ближнего Востока _eвопросы теории и практики _eавтореф. дис. на соиск. учен. степ. к.ю.н. _eспец. 12.00.02 _fАбу Джабаль Джамиль Салман _g[МГУ им. М.В. Ломоносова, Юрид. фак] |
|
| 210 |
_aМосква _d2005 |
||
| 215 |
_a28 с. _d21 |
||
| 320 | _aБиблиогр.: с. 28 (4 назв.) | ||
| 325 | _aКопия доступна в Электрон. б-ке РНБ | ||
| 686 |
_a12.00.02 _2oksvnk |
||
| 700 | 1 |
_4070 _8rus _7ca _aАбу Джабаль _bД.С. _gДжамиль Салман _3RU\NLR\auth\7732513 _915521 |
|
| 801 | 0 |
_aRU _bNLR _c20051017 _grcr |
|
| 801 | 1 |
_aRU _bNLR _c20051017 |
|
| 942 | _cBOOK | ||
| 981 | 1 | 0 |
_a(10) Авторефераты _b(10) 12.00.00 Юридические науки _b12.00.02 Конституционное право, муниципальное право |